| 000 | 00000nas 2200000zi 4500 |
| 001 | 9.955652 |
| 003 | CaOODSP |
| 005 | 20251014105703 |
| 006 | m o d f |
| 007 | cr cn |||||||| |
| 008 | 250923c20219999onc x m o f0 0fre|d |
| 040 | |aCaOODSP|bfre|erda|cCaOODSP |
| 043 | |an-cn--- |
| 086 | 1 |aYM32-10F-PDF |
| 130 | 0 |aÉtudes de la Colline. |
| 245 | 10|aÉtudes de la Colline : |bregards approfondis sur des questions canadiennes. |
| 246 | 13|aÉtudes de la Colline de la Bibliothèque du Parlement |
| 264 | 1|aOttawa, Canada : |bBibliothèque du Parlement = Library of Parliament, |c[2021]- |
| 310 | |aIrrégulier |
| 336 | |atexte|btxt|2rdacontent/fre |
| 337 | |ainformatique|bc|2rdamedia/fre |
| 338 | |aressource en ligne|bcr|2rdacarrier/fre |
| 362 | 1 |aParaît depuis : Publication no 2008-45-F (le 1er avril 2021). |
| 500 | |aPublié aussi en anglais sous le titre : HillStudies. |
| 520 | |a« Les Études de la Colline de la Bibliothèque du Parlement sont des analyses approfondies de questions stratégiques. Elles offrent un contexte historique, des renseignements à jour et des références, et traitent souvent des questions avant même qu'elles ne deviennent d'actualité. Les Études de la Colline sont préparées par les Services d'information, d'éducation et de recherche parlementaires, qui effectuent des recherches pour les parlementaires, les comités du Sénat et de la Chambre des communes et les associations parlementaires, et leur fournissent de l'information et des analyses, de façon objective et impartiale » -- Site Web de l'éditeur. |
| 550 | |aPublié par : Recherche et éducation, 2023- |
| 580 | |aFusion de : Étude générale; et de : En bref. |
| 588 | |aDescription d'après : Publication no 2008-45-F (le 1er avril 2021); titre de la page couverture du fichier PDF. |
| 588 | |aDernière livraison consultée : Publication no 2011-66-F (le 20 juin 2025). |
| 651 | 6|aCanada|xPolitique et gouvernement. |
| 651 | 6|aCanada|zPolitique économique. |
| 651 | 6|aCanada|xPolitique sociale. |
| 710 | 1 |aCanada. |bServices d'information, d'éducation et de recherche parlementaires, |eorganisme de publication. |
| 710 | 1 |aCanada. |bBibliothèque du Parlement. |bRecherche et éducation, |eorganisme de publication. |
| 775 | 08|tHillStudies : |w(CaOODSP)9.955653 |
| 780 | 00|tÉtude générale |w(CaOODSP)9.501181 |
| 780 | 00|tEn bref |w(CaOODSP)9.501314 |